Ekonomika střední a východní Evropy pololetní přehled

Salvato in:
Dettagli Bibliografici
Natura: Periodico
Lingua:ceco
Pubblicazione: Praha Centrum vnějších ekonomických vztahů 1995
Tags: Aggiungi Tag
Nessun Tag, puoi essere il primo ad aggiungerne!!

MARC

LEADER 00000nas2a2200000 4500
001 c102017
005 20250730114130.6
022 |a 1210-6607 
041 0 |a cze 
044 |a CZ 
245 1 0 |a Ekonomika střední a východní Evropy  |b pololetní přehled 
264 1 |a Praha  |b Centrum vnějších ekonomických vztahů  |c 1995 
300 |a 1 zv. 
773 0 |w eu_un_cat*s121062